000 01307cam a22003737a 4500
001 8629183
003 Nust- CAS-E
005 20180118181408.0
006 m d
007 cr n
008 090710s2009 gw a sb 001 0 eng d
015 _aGBA8B9698
_2bnb
016 7 _a014778282
_2Uk
020 _a9783527324460 (pbk. : alk. paper)
020 _a3527324461 (pbk. : alk. paper)
035 _a(WaSeSS)ssj0000354151
040 _aUKM
_cUKM
_dYDXCP
_dOHX
_dDLC
_dWaSeSS
042 _aukblcatcopy
_alccopycat
050 4 _aTJ163.2
_b.C623 2009
082 0 0 _a333.79
_222
_bCOC-E 2009
100 1 _aCocks, F. H.
_q(Franklin H.)
210 1 0 _aEnergy demand and climate change
245 1 0 _aEnergy demand and climate change
_h[electronic resource] :
_bissues and resolutions /
_cFranklin Hadley Cocks.
260 _aWeinheim :
_bWiley-VCH,
_cc2009.
502 _a0
504 _aIncludes bibliographical references and index.
506 _aLicense restrictions may limit access.
650 0 _aPower resources.
650 0 _aClimatic changes.
773 0 _tWiley-Blackwell Online Books
856 4 0 _uhttp://www.columbia.edu/cgi-bin/cul/resolve?clio8629183
_zFull text available from Wiley-Blackwell Online Books
910 _aLibrary of Congress record
942 _2ddc
_cBK
999 _c355647
_d355647